| 000 | 01298cam a22003011 4500 | ||
|---|---|---|---|
| 999 |
_c41395 _d41395 |
||
| 001 | 5882934 | ||
| 003 | OSt | ||
| 005 | 20220103135051.0 | ||
| 008 | 760301s1910 nyuaf 000 0 eng | ||
| 010 | _a 10020818 | ||
| 035 | _a(OCoLC)2023459 | ||
| 040 |
_aDLC _cOTU-L _dOCoLC _dDLC |
||
| 042 | _apremarc | ||
| 050 | 0 | 0 |
_aHV8074 _b.O87 |
| 082 |
_a652 _bOSB/Q |
||
| 100 | 1 |
_aOsborn, Albert S. _q(Albert Sherman), _d1858-1946 _98959 |
|
| 245 | 1 | 0 |
_aQuestioned documents; _ba study of questioned documents with an outline of methods by which the facts may be discovered and shown, _cby Albert S. Osborn... with an introduction by Professor John Wigmore... Two hundred illustrations. |
| 260 |
_aRochester, N.Y., _bThe Lawyers' co-operative publishing co., _c1910. |
||
| 300 |
_a2 p. l., vii-xxiv, 501 p. _billus., col. pl. _c25 cm. |
||
| 500 | _aFive "stereoscopic photo-micrographs from Ê»Questioned documents ̀“" in pocket. | ||
| 500 | _a"New laws relating to the proof of handwriting" ([7] p.) inserted between p. 16 and 17. | ||
| 650 | 0 | _aForgery. | |
| 650 | 0 |
_aWriting _xIdentification. |
|
| 650 | 0 | _aLegal photography. | |
| 650 | 0 |
_aTypewriting _xIdentification. |
|
| 906 |
_a7 _bcbc _coclcrpl _du _encip _f19 _gy-gencatlg |
||
| 942 |
_2ddc _cBK _h652 _iOSB/Q _k652 _mOSB/Q |
||